Government procurement of information technology in Singapore /
Saved in:
| Main Author: | |
|---|---|
| Format: | Thesis Book |
| Language: | English |
| Published: |
1996.
|
| Subjects: | |
| Tags: |
Add Tag
No Tags, Be the first to tag this record!
|
| LEADER | 00885cam a2200253 a 4500 | ||
|---|---|---|---|
| 001 | u400564 | ||
| 003 | SIRSI | ||
| 008 | 960808s1996 si v 00 1 eng m | ||
| 035 | |a ACA-8633 | ||
| 040 | |a UMM | ||
| 043 | |a a-si--- | ||
| 090 | |a HC445.8 |b Z9I55Leo | ||
| 100 | 1 | 0 | |a Leong, Chee Ming. |
| 245 | 1 | 0 | |a Government procurement of information technology in Singapore / |c by Leong Chee Ming. |
| 260 | |c 1996. | ||
| 300 | |a 1 v. (various pagings) : |b ill. ; |c 30 cm. | ||
| 502 | |a Dissertation (M.Sc.) -- National University of Singapore, 1996. | ||
| 504 | |a Includes bibliographical references. | ||
| 650 | 0 | |a Information technology |x Government policy |z Singapore | |
| 650 | 0 | |a Government purchasing |z Singapore | |
| 650 | 0 | |a Letting of contracts |z Singapore. | |
| 948 | |a 08/08/1996 |b 22/03/1999 | ||
| 596 | |a 1 | ||
| 999 | |a HC445.8 Z9I55LEO |w LC |c 1 |i A506132965 |l STACKS |m P01UTAMA |r Y |s Y |t TESIS |u 1/10/1996 | ||
